| 000 | 00635nam a2200205Ia 4500 | ||
|---|---|---|---|
| 005 | 20260616173546.0 | ||
| 008 | 260616s9999||||xx |||||||||||||| ||und|| | ||
| 020 |
_a9780393254297 _qhb |
||
| 082 |
_a303.4833 _bMCA |
||
| 100 | _aMcAfee, Andrew | ||
| 245 | 0 | _aMachine, platform, crowd : harnessing our digital future | |
| 250 | _ac.2017 | ||
| 260 |
_aNew York _bW.W. Norton _c2017 |
||
| 300 | _a402p. ; 24cm. | ||
| 653 | _aEconomic development--Technological innovations | ||
| 653 | _aInformation technology--Economic aspects | ||
| 653 | _aInformation technology--Social aspects | ||
| 700 | _aBrynjolfsson, Erik | ||
| 942 | _cBK | ||
| 999 |
_c57197 _d57197 |
||